[Event "GBR-ch75"]
[Site "Blackpool"]
[Date "1988.08.05"]
[Round "5.9"]
[White "Pritchett, Craig William"]
[Black "Rogers, Ian"]
[Result "0-1"]
[WhiteElo "2400"]
[BlackElo "2535"]
[PlyCount "110"]
[EventDate "1988.08.01"]
[EventType "swiss"]
[EventRounds "11"]
[EventCountry "GBR"]
[SourceTitle "BritBase12Sep20"]
[Source "John Saunders"]
[SourceDate "2020.09.12"]
[SourceVersion "1"]
[SourceVersionDate "2020.09.12"]
[SourceQuality "1"]

1. e4 e6 2. d4 d5 3. Nc3 Bb4 4. e5 c5 5. a3 Bxc3+ 6. bxc3 Ne7 7. h4 Qa5 8. Bd2
Nbc6 9. h5 cxd4 10. cxd4 Qa4 11. Bc3 b6 12. h6 gxh6 13. Nf3 Ba6 14. Bxa6 Qxa6
15. Qe2 Qxe2+ 16. Kxe2 Rc8 17. Kd3 Rg8 18. Rag1 Rg6 19. Bd2 Nf5 20. g4 Nfxd4
21. Nxd4 Nxe5+ 22. Ke2 Rc4 23. c3 Nxg4 24. f3 Nf6 25. Rxg6 hxg6 26. Rxh6 e5 27.
Nf5 Kd7 28. Ne3 Rc8 29. Rh1 Nh5 30. Nf1 Ke6 31. Rh4 f5 32. Rb4 f4 33. Kd3 Kf5
34. Be1 g5 35. a4 Nf6 36. a5 e4+ 37. fxe4+ dxe4+ 38. Ke2 Nd5 39. Rb5 Rc5 40.
Rxc5 bxc5 41. c4 Nc7 42. Bf2 Ne6 43. a6 g4 44. Ne3+ fxe3 45. Bg3 Nd4+ 46. Kxe3
Nc2+ 47. Ke2 Nb4 48. Bd6 Nxa6 49. Ke3 Nb4 50. Bxc5 Nc6 51. Kf2 a5 52. Ba3 a4
53. c5 Ne5 54. Ke2 g3 55. Bb2 g2 0-1

[Event "GBR-ch75"]
[Site "Blackpool"]
[Date "1988.08.05"]
[Round "5.12"]
[White "Orr, Mark JL"]
[Black "Arkell, Keith C"]
[Result "0-1"]
[WhiteElo "2365"]
[BlackElo "2430"]
[PlyCount "152"]
[EventDate "1988.08.01"]
[EventType "swiss"]
[EventRounds "11"]
[EventCountry "GBR"]
[SourceTitle "BritBase12Sep20"]
[Source "John Saunders"]
[SourceDate "2020.09.12"]
[SourceVersion "1"]
[SourceVersionDate "2020.09.12"]
[SourceQuality "1"]

1. d4 Nf6 2. Nf3 e6 3. c4 Bb4+ 4. Bd2 Qe7 5. g3 Nc6 6. Nc3 O-O 7. Bg2 Bxc3 8.
Bxc3 Ne4 9. Rc1 d6 10. O-O Nxc3 11. Rxc3 a5 12. d5 Nb4 13. a3 Na6 14. dxe6 fxe6
15. Ne1 c6 16. e4 e5 17. Nd3 c5 18. f4 Nb8 19. fxe5 Rxf1+ 20. Kxf1 dxe5 21.
Nxe5 Be6 22. Kg1 Na6 23. h4 Rd8 24. Rd3 Re8 25. b3 Nb8 26. Qe1 b6 27. a4 Bc8
28. Nf3 Nc6 29. e5 Bf5 30. Rd2 h6 31. Qe3 Bg4 32. Nh2 Nxe5 33. Nxg4 Nxg4 34.
Qxe7 Rxe7 35. Rd8+ Kh7 36. Rd3 Re1+ 37. Bf1 Rb1 38. Kg2 Rb2+ 39. Kg1 h5 40. Bh3
Nf6 41. Re3 Kg6 42. Kh1 Kf7 43. Kg1 Kf8 44. Bf5 Kf7 45. Kf1 g6 46. Be6+ Kf8 47.
Ke1 Ne8 48. Kd1 Ng7 49. Kc1 Rg2 50. Bh3 Rh2 51. Bc8 Kf7 52. Rd3 Ne8 53. Rd7+
Kf6 54. Rb7 Nd6 55. Rxb6 Ke5 56. Rc6 Ne4 57. Rxg6 Kd4 58. Bf5 Nf2 59. Re6 Nh1
60. Re4+ Kc3 61. Re3+ Kb4 62. Bg6 Rg2 63. Bxh5 Nxg3 64. Bd1 Rg1 65. Re5 Rh1 66.
h5 Rh2 67. Bf3 Kc3 68. Re3+ Kb4 69. Re5 Kc3 70. Rxc5 Rc2+ 71. Kb1 Rb2+ 72. Kc1
Rc2+ 73. Kb1 Nf1 74. Rf5 Nd2+ 75. Ka1 Nxb3+ 76. Kb1 Rb2# 0-1

[Event "GBR-ch75"]
[Site "Blackpool"]
[Date "1988.08.05"]
[Round "5.13"]
[White "Howell, James C"]
[Black "Pigott, John C"]
[Result "0-1"]
[WhiteElo "2420"]
[BlackElo "2365"]
[PlyCount "120"]
[EventDate "1988.08.01"]
[EventType "swiss"]
[EventRounds "11"]
[EventCountry "GBR"]
[SourceTitle "BritBase12Sep20"]
[Source "John Saunders"]
[SourceDate "2020.09.12"]
[SourceVersion "1"]
[SourceVersionDate "2020.09.12"]
[SourceQuality "1"]

1. e4 c5 2. Nf3 d6 3. d4 cxd4 4. Nxd4 Nf6 5. Nc3 a6 6. Be2 e6 7. f4 Qc7 8. O-O
Be7 9. Bf3 O-O 10. Be3 Nc6 11. Nxc6 bxc6 12. Na4 Bb7 13. c4 c5 14. Nc3 Rad8 15.
Qd2 Bc6 16. Bf2 Qb7 17. Rfe1 Rfe8 18. Rad1 Nd7 19. Qe2 Qb4 20. e5 Bxf3 21. Qxf3
dxe5 22. Qc6 Nb8 23. Qc7 Rc8 24. Qxe5 Nc6 25. Qe3 Nd4 26. Rd2 Qxc4 27. b3 Qb4
28. Ne4 Red8 29. Red1 Rd5 30. Nc3 Rd7 31. Ne2 Bf6 32. Nxd4 Bxd4 33. Qe2 Rcd8
34. Bxd4 Rxd4 35. Rxd4 Rxd4 36. Rf1 c4 37. bxc4 Rxc4 38. g3 Qc5+ 39. Rf2 g6 40.
Kg2 a5 41. Qb2 Qd5+ 42. Kh3 Rb4 43. Qc3 Rc4 44. Qb2 Qf5+ 45. Kg2 Qe4+ 46. Kh3
Rc5 47. Qb8+ Kg7 48. Qb2+ Kg8 49. Qb8+ Kg7 50. Qb2+ Kh6 51. g4 Qe3+ 52. Kg2 Rc3
53. Qa1 f6 54. Qb2 a4 55. Qd2 Qe4+ 56. Kg1 Re3 57. g5+ fxg5 58. fxg5+ Kxg5 59.
Rg2+ Kh4 60. Qf2+ Kh5 0-1

[Event "GBR-ch75"]
[Site "Blackpool"]
[Date "1988.08.05"]
[Round "5.14"]
[White "Wells, Peter K"]
[Black "Mortazavi, Ali"]
[Result "1-0"]
[WhiteElo "2410"]
[BlackElo "2290"]
[PlyCount "121"]
[EventDate "1988.08.01"]
[EventType "swiss"]
[EventRounds "11"]
[EventCountry "GBR"]
[SourceTitle "BritBase12Sep20"]
[Source "John Saunders"]
[SourceDate "2020.09.12"]
[SourceVersion "1"]
[SourceVersionDate "2020.09.12"]
[SourceQuality "1"]

1. d4 Nf6 2. Nf3 c5 3. d5 e6 4. Nc3 b5 5. Bg5 b4 6. Ne4 Bb7 7. c4 bxc3 8. Bxf6
gxf6 9. Nxc3 f5 10. e3 Bg7 11. Bc4 O-O 12. Ng1 Qh4 13. Qd3 exd5 14. Nxd5 Nc6
15. Nf3 Qg4 16. O-O Nb4 17. Qb3 a5 18. h3 Qe4 19. Ng5 Qe5 20. Nxb4 axb4 21.
Nxf7 Rxf7 22. Bxf7+ Kh8 23. Rad1 Bc6 24. Rd2 Rf8 25. Bd5 Bb5 26. Bc4 Bc6 27.
Bd5 Bb5 28. Bc4 Bc6 29. f4 Qe7 30. Rfd1 Re8 31. Bd5 Bb5 32. a4 Ba6 33. Bf7
Qxe3+ 34. Qxe3 Rxe3 35. Rxd7 Bxb2 36. Ra7 Bd3 37. a5 Bd4 38. Kh2 Bc2 39. Rxd4
cxd4 40. Rb7 d3 41. Rd7 Re1 42. a6 Ra1 43. a7 Ra3 44. Bc4 b3 45. Bxb3 Bxb3 46.
Rxd3 Kg7 47. Rxb3 Rxa7 48. Rb5 Kg6 49. Rb6+ Kg7 50. Kg3 Ra4 51. Rb3 Kg6 52. Kf3
h5 53. Rb6+ Kg7 54. Kg3 Rc4 55. Rb2 Kg6 56. Rf2 Rd4 57. Kh4 Rc4 58. g3 Rc3 59.
Rb2 Ra3 60. Rb8 Rc3 61. Rg8+ 1-0

[Event "GBR-ch75"]
[Site "Blackpool"]
[Date "1988.08.05"]
[Round "5.15"]
[White "Carr, Neil L"]
[Black "King, Daniel J"]
[Result "1/2-1/2"]
[WhiteElo "2290"]
[BlackElo "2520"]
[PlyCount "83"]
[EventDate "1988.08.01"]
[EventType "swiss"]
[EventRounds "11"]
[EventCountry "GBR"]
[SourceTitle "BritBase12Sep20"]
[Source "John Saunders"]
[SourceDate "2020.09.12"]
[SourceVersion "1"]
[SourceVersionDate "2020.09.12"]
[SourceQuality "1"]

1. e4 c5 2. f4 d5 3. Nc3 dxe4 4. Nxe4 e6 5. Nf3 Nf6 6. Nxf6+ Qxf6 7. d4 cxd4 8.
Qxd4 Qxd4 9. Nxd4 a6 10. Bd2 Be7 11. Bc3 b5 12. a3 Bb7 13. O-O-O Nd7 14. f5 e5
15. Nxb5 axb5 16. Bxb5 O-O-O 17. Ba5 Nf6 18. Bxd8 Bxd8 19. Rhe1 Bc7 20. g3 e4
21. c4 Bb6 22. Re2 Kb8 23. b4 h5 24. c5 Bc7 25. Bc4 h4 26. b5 hxg3 27. hxg3 Bc8
28. b6 Bxg3 29. c6 Bxf5 30. Rg2 Bf4+ 31. Kb2 Rc8 32. Ba6 Rxc6 33. Rd8+ Bc8 34.
b7 Rb6+ 35. Ka2 Rxb7 36. Rxc8+ Kxc8 37. Rxg7 Kd8 38. Bxb7 Ke7 39. Rg2 e3 40.
Bf3 Nd7 41. a4 Bc7 42. Be2 1/2-1/2

[Event "GBR-ch75"]
[Site "Blackpool"]
[Date "1988.08.05"]
[Round "5.16"]
[White "Dunnington, Angus J"]
[Black "Hebden, Mark L"]
[Result "1/2-1/2"]
[WhiteElo "2280"]
[BlackElo "2460"]
[PlyCount "113"]
[EventDate "1988.08.01"]
[EventType "swiss"]
[EventRounds "11"]
[EventCountry "GBR"]
[SourceTitle "BritBase12Sep20"]
[Source "John Saunders"]
[SourceDate "2020.09.12"]
[SourceVersion "1"]
[SourceVersionDate "2020.09.12"]
[SourceQuality "1"]

1. Nf3 Nf6 2. d4 c5 3. e3 g6 4. c4 Bg7 5. Nc3 O-O 6. Be2 d5 7. O-O cxd4 8. exd4
Nc6 9. h3 Bf5 10. Be3 dxc4 11. Bxc4 Rc8 12. Bb3 Na5 13. d5 Ne4 14. Bd4 Nxc3 15.
bxc3 Nxb3 16. axb3 Qxd5 17. c4 Qd6 18. Bxg7 Qxd1 19. Rfxd1 Kxg7 20. Rxa7 Rc7
21. Nd4 Bd7 22. Nc2 Rfc8 23. Nb4 Be6 24. Nd5 Rd7 25. Ne3 Rcd8 26. Rxd7 Rxd7 27.
Kf1 f5 28. Ke2 f4 29. Nc2 g5 30. Nb4 Bf5 31. Ra5 e6 32. Ra7 Kf6 33. f3 e5 34.
c5 e4 35. fxe4 Bxe4 36. c6 Re7 37. Rxb7 Bxg2+ 38. Rxe7 Kxe7 39. h4 gxh4 40. Kf2
Be4 41. c7 Kd7 42. Na6 Bf5 43. b4 h3 44. b5 Kc8 45. b6 h5 46. Nc5 h4 47. Kf3
Bc2 48. Kf2 Bh7 49. b7+ Kxc7 50. Ne6+ Kxb7 51. Nxf4 Bf5 52. Kg1 Ka8 53. Kh2 Ka7
54. Ng6 Ka8 55. Nxh4 Ka7 56. Ng2 hxg2 57. Kxg2 1/2-1/2

[Event "GBR-ch75"]
[Site "Blackpool"]
[Date "1988.08.05"]
[Round "5.18"]
[White "Coleman, David J"]
[Black "Pein, Malcolm"]
[Result "1-0"]
[WhiteElo "2240"]
[BlackElo "2410"]
[PlyCount "76"]
[EventDate "1988.08.01"]
[EventType "swiss"]
[EventRounds "11"]
[EventCountry "GBR"]
[SourceTitle "BritBase12Sep20"]
[Source "John Saunders"]
[SourceDate "2020.09.12"]
[SourceVersion "1"]
[SourceVersionDate "2020.09.12"]
[SourceQuality "1"]

1. e4 d6 2. d4 g6 3. Nc3 Bg7 4. f4 Nf6 5. Nf3 c5 6. Bb5+ Bd7 7. e5 Ng4 8. h3
Bxb5 9. Nxb5 dxe5 10. Qe2 e4 11. hxg4 exf3 12. Qxf3 Qa5+ 13. Nc3 cxd4 14. Qxb7
dxc3 15. b3 Qa6 16. Qxa8 Qe6+ 17. Kf2 Bd4+ 18. Kf3 O-O 19. Qe4 Qd7 20. Be3 Nc6
21. Bxd4 Nxd4+ 22. Ke3 e5 23. fxe5 Ne6 24. Rad1 Qe7 25. Rd5 Qg5+ 26. Kf2 f5 27.
exf6 Qxf6+ 28. Ke1 Nc7 29. Kd1 Nxd5 30. Qxd5+ Kh8 31. g5 Qd8 32. Qxd8 Rxd8+ 33.
Kc1 Rf8 34. a4 Rf2 35. Rg1 Rf5 36. Kb1 Rxg5 37. Ka2 a5 38. b4 Rg4 1-0

[Event "GBR-ch75"]
[Site "Blackpool"]
[Date "1988.08.05"]
[Round "5.21"]
[White "Gallagher, Joseph G"]
[Black "Hennigan, Michael"]
[Result "1-0"]
[WhiteElo "2445"]
[BlackElo "2295"]
[PlyCount "81"]
[EventDate "1988.08.01"]
[EventType "swiss"]
[EventRounds "11"]
[EventCountry "GBR"]
[SourceTitle "BritBase12Sep20"]
[Source "John Saunders"]
[SourceDate "2020.09.12"]
[SourceVersion "1"]
[SourceVersionDate "2020.09.12"]
[SourceQuality "1"]

1. d4 g6 2. c4 Bg7 3. Nc3 d6 4. e4 Nf6 5. Be2 O-O 6. Nf3 e5 7. d5 a5 8. Bg5 h6
9. Bh4 Na6 10. Nd2 Qe8 11. a3 Bd7 12. b3 Nh7 13. Rb1 f5 14. f3 Nf6 15. Bf2 g5
16. b4 axb4 17. axb4 Qg6 18. c5 g4 19. Rg1 Kh8 20. Qc2 Qh5 21. fxg4 fxg4 22.
Nf1 Qg6 23. Be3 h5 24. Bd3 g3 25. h3 h4 26. Be2 Nh5 27. Bxh5 Qxh5 28. Qe2 Qxe2+
29. Kxe2 Be8 30. Nd2 Bh5+ 31. Kd3 Kh7 32. Kc4 Bh6 33. Bxh6 Kxh6 34. Rgf1 Kg5
35. Rf5+ Rxf5 36. exf5 e4 37. Ndxe4+ Kxf5 38. cxd6 Rd8 39. b5 cxd6 40. bxa6
bxa6 41. Kd4 1-0

[Event "GBR-ch75"]
[Site "Blackpool"]
[Date "1988.08.05"]
[Round "5.23"]
[White "Large, Peter G"]
[Black "Bellin, Jana"]
[Result "0-1"]
[WhiteElo "2360"]
[BlackElo "2300"]
[PlyCount "116"]
[EventDate "1988.08.01"]
[EventType "swiss"]
[EventRounds "11"]
[EventCountry "GBR"]
[SourceTitle "BritBase12Sep20"]
[Source "John Saunders"]
[SourceDate "2020.09.12"]
[SourceVersion "1"]
[SourceVersionDate "2020.09.12"]
[SourceQuality "1"]

1. e4 c5 2. Nf3 e6 3. Nc3 a6 4. d4 cxd4 5. Nxd4 Qc7 6. g3 Bb4 7. Nde2 Nf6 8.
Bg2 Be7 9. O-O Nc6 10. a4 d6 11. h3 O-O 12. g4 Rb8 13. Ng3 b5 14. g5 Nd7 15.
axb5 axb5 16. f4 b4 17. Nce2 b3 18. c3 Re8 19. h4 Na5 20. Kh1 Nc4 21. h5 g6 22.
Ng1 Nc5 23. Nh3 Bb7 24. Nf2 d5 25. e5 Qb6 26. Ng4 Nd7 27. Ne2 Ra8 28. Rb1 Bc5
29. Nd4 Bxd4 30. cxd4 Ra4 31. Nf6+ Nxf6 32. gxf6 Na5 33. Be3 Nc4 34. Bf2 Ra2
35. Qc1 Qb4 36. Be1 Qf8 37. Rf3 Qh6 38. Rh3 gxh5 39. Rxb3 Ba6 40. Rg3+ Kh8 41.
Ra1 Rxa1 42. Qxa1 Qxf4 43. Qxa6 Qh4+ 44. Bh3 Qe4+ 45. Kh2 Qxe1 46. Qc6 Rd8 47.
Qc5 Qd2+ 48. Bg2 Qh6 49. b3 h4 50. Rg7 Nd2 51. Rg4 Nxb3 52. Qb4 Nd2 53. Kh3 Rc8
54. Rxh4 Qe3+ 55. Kh2 Nf3+ 56. Bxf3 Qxf3 57. Qb1 Qf2+ 58. Kh3 Rc3+ 0-1

[Event "GBR-ch75"]
[Site "Blackpool"]
[Date "1988.08.05"]
[Round "5.24"]
[White "Lalic, Susan Kathryn"]
[Black "Quillan, Gary"]
[Result "1-0"]
[WhiteElo "2355"]
[BlackElo "2255"]
[PlyCount "63"]
[EventDate "1988.08.01"]
[EventType "swiss"]
[EventRounds "11"]
[EventCountry "GBR"]
[SourceTitle "BritBase12Sep20"]
[Source "John Saunders"]
[SourceDate "2020.09.12"]
[SourceVersion "1"]
[SourceVersionDate "2020.09.12"]
[SourceQuality "1"]

1. e4 e6 2. d4 d5 3. Nd2 Nf6 4. e5 Nfd7 5. Bd3 c5 6. c3 Nc6 7. Ne2 cxd4 8. cxd4
f6 9. Nf4 Nxd4 10. Qh5+ Ke7 11. exf6+ Nxf6 12. Ng6+ hxg6 13. Qxh8 Kf7 14. f4
Qb6 15. O-O Bd7 16. Kh1 Bb5 17. Qh3 Rc8 18. b3 Bb4 19. Bxb5 Qxb5 20. Bb2 Bxd2
21. Bxd4 Ne4 22. f5 gxf5 23. Rxf5+ exf5 24. Qxf5+ Kg8 25. Qxc8+ Kh7 26. Qf5+
Kg8 27. Rf1 Bh6 28. Qf8+ Kh7 29. Bxg7 Bxg7 30. Rf7 Qf1+ 31. Rxf1 Bxf8 32. Rxf8
1-0

[Event "GBR-ch75"]
[Site "Blackpool"]
[Date "1988.08.05"]
[Round "5.35"]
[White "Clarke, Thomas M"]
[Black "Jones, Andrew"]
[Result "0-1"]
[WhiteElo "2205"]
[BlackElo "2260"]
[PlyCount "38"]
[EventDate "1988.08.01"]
[EventType "swiss"]
[EventRounds "11"]
[EventCountry "GBR"]
[SourceTitle "BritBase12Sep20"]
[Source "John Saunders"]
[SourceDate "2020.09.12"]
[SourceVersion "1"]
[SourceVersionDate "2020.09.12"]
[SourceQuality "1"]

1. e4 d6 2. Nc3 Nf6 3. Bc4 g6 4. f4 Bg7 5. e5 dxe5 6. fxe5 Ng4 7. d4 c5 8. Bb5+
Nc6 9. h3 cxd4 10. hxg4 dxc3 11. Qf3 cxb2 12. Bxc6+ bxc6 13. Bxb2 Qd5 14. Qf4
Qxg2 15. e6 f6 16. O-O-O Qxh1 17. Nf3 Qh3 18. Ng5 Bh6 19. Bxf6 O-O 0-1

[Event "GBR-ch75"]
[Site "Blackpool"]
[Date "1988.08.06"]
[Round "6.1"]
[White "Chandler, Murray G"]
[Black "Watson, William N"]
[Result "1/2-1/2"]
[WhiteElo "2605"]
[BlackElo "2500"]
[PlyCount "32"]
[EventDate "1988.08.01"]
[EventType "swiss"]
[EventRounds "11"]
[EventCountry "GBR"]
[SourceTitle "BritBase12Sep20"]
[Source "John Saunders"]
[SourceDate "2020.09.12"]
[SourceVersion "1"]
[SourceVersionDate "2020.09.12"]
[SourceQuality "1"]

1. e4 c5 2. Nf3 d6 3. d4 cxd4 4. Nxd4 Nf6 5. Nc3 g6 6. Bc4 Bg7 7. Be3 O-O 8.
O-O a6 9. Bb3 Nc6 10. h3 Bd7 11. Re1 b5 12. Nd5 Na5 13. Qd3 Rc8 14. Rad1 Nc4
15. Bc1 Re8 16. c3 Rc5 1/2-1/2

[Event "GBR-ch75"]
[Site "Blackpool"]
[Date "1988.08.06"]
[Round "6.3"]
[White "Motwani, Paul"]
[Black "Hodgson, Julian M"]
[Result "0-1"]
[WhiteElo "2455"]
[BlackElo "2525"]
[PlyCount "110"]
[EventDate "1988.08.01"]
[EventType "swiss"]
[EventRounds "11"]
[EventCountry "GBR"]
[SourceTitle "BritBase12Sep20"]
[Source "John Saunders"]
[SourceDate "2020.09.12"]
[SourceVersion "1"]
[SourceVersionDate "2020.09.12"]
[SourceQuality "1"]

1. e4 c6 2. c4 d5 3. exd5 cxd5 4. cxd5 Nf6 5. Nc3 Nbd7 6. Nf3 a6 7. d4 Nb6 8.
Qb3 g6 9. Bg5 Bg7 10. Bxf6 Bxf6 11. Bd3 O-O 12. O-O a5 13. a4 Qd6 14. h3 Qb4
15. Qxb4 axb4 16. a5 bxc3 17. axb6 Rxa1 18. Rxa1 cxb2 19. Rb1 Rd8 20. Rxb2 Rxd5
21. Ra2 Kg7 22. Ra8 Be6 23. Rb8 Bxd4 24. Be4 Bxb6 25. Bxd5 Bxd5 26. Rc8 Kf6 27.
Ne1 Be4 28. Kf1 Ke6 29. Ke2 h5 30. f3 Bc6 31. Nd3 h4 32. Rh8 g5 33. Ra8 f6 34.
Ra2 Bd4 35. Rc2 Kd6 36. Nb4 Bb5+ 37. Ke1 Bb6 38. Kd1 Ba4 39. Kd2 Bxc2 40. Nxc2
Bc5 41. Kd3 Ke5 42. Na1 b5 43. Nb3 Kd5 44. Nc1 e5 45. Ne2 Bd4 46. g4 hxg3 47.
Nxg3 Ke6 48. Kc2 f5 49. Kd3 Bf2 50. Ne2 Be1 51. Nc1 Kd5 52. Ne2 b4 53. Nc1 e4+
54. fxe4+ fxe4+ 55. Ke3 Bg3 0-1

[Event "GBR-ch75"]
[Site "Blackpool"]
[Date "1988.08.06"]
[Round "6.4"]
[White "Plaskett, H James"]
[Black "Mestel, A Jonathan"]
[Result "0-1"]
[WhiteElo "2450"]
[BlackElo "2510"]
[PlyCount "68"]
[EventDate "1988.08.01"]
[EventType "swiss"]
[EventRounds "11"]
[EventCountry "GBR"]
[SourceTitle "BritBase12Sep20"]
[Source "John Saunders"]
[SourceDate "2020.09.12"]
[SourceVersion "1"]
[SourceVersionDate "2020.09.12"]
[SourceQuality "1"]

1. e4 c5 2. c3 e6 3. d4 d5 4. Nd2 cxd4 5. cxd4 dxe4 6. Nxe4 Nf6 7. Nc3 Be7 8.
Nf3 O-O 9. Bd3 Nc6 10. O-O b6 11. a3 Bb7 12. Bc2 Qc8 13. Bf4 Rd8 14. Rc1 Qd7
15. Ba4 Rac8 16. Ne5 Qxd4 17. Nxc6 Bxc6 18. Bxc6 Qxf4 19. Qf3 Qxf3 20. Bxf3 g5
21. h3 h5 22. Rfd1 Rxd1+ 23. Bxd1 Bc5 24. Kf1 Bd4 25. Ke2 Nd5 26. Kd2 Nf4 27.
Ne2 Rd8 28. Kc2 Be5 29. Nc3 Nxg2 30. Bxh5 Nf4 31. Bg4 f5 32. Bf3 Bxc3 33. bxc3
Nxh3 34. Re1 Kf7 0-1

[Event "GBR-ch75"]
[Site "Blackpool"]
[Date "1988.08.06"]
[Round "6.5"]
[White "Rogers, Ian"]
[Black "Bellin, Robert"]
[Result "1/2-1/2"]
[WhiteElo "2535"]
[BlackElo "2370"]
[PlyCount "97"]
[EventDate "1988.08.01"]
[EventType "swiss"]
[EventRounds "11"]
[EventCountry "GBR"]
[SourceTitle "BritBase12Sep20"]
[Source "John Saunders"]
[SourceDate "2020.09.12"]
[SourceVersion "1"]
[SourceVersionDate "2020.09.12"]
[SourceQuality "1"]

1. e4 e5 2. Nf3 Nc6 3. Bb5 a6 4. Ba4 Nf6 5. O-O Be7 6. Re1 b5 7. Bb3 d6 8. c3
O-O 9. h3 Nb8 10. d4 Nbd7 11. Nbd2 Bb7 12. Bc2 Re8 13. b3 Bf8 14. d5 c6 15. c4
Qb6 16. a4 bxc4 17. bxc4 a5 18. Nb3 Ba6 19. Bd3 Reb8 20. dxc6 Qxc6 21. Nxa5 Qb6
22. Bd2 Nc5 23. Bc2 Qc7 24. Nb3 Nxb3 25. Bxb3 Bxc4 26. Bc2 h6 27. Re3 Rc8 28.
Nh2 d5 29. Rc1 Qd6 30. exd5 Nxd5 31. Rg3 Nf4 32. Bxf4 exf4 33. Rc3 Be6 34. Rd3
Qb6 35. Rb1 Qc7 36. Rd2 Bc5 37. Qe2 Rab8 38. Rxb8 Rxb8 39. Nf3 Re8 40. Qb5 Rb8
41. Qd3 g6 42. Nh4 Bb4 43. Rd1 Qc4 44. Rb1 Qxd3 45. Bxd3 Bd6 46. Rxb8+ Bxb8 47.
a5 Bd5 48. Nf3 Bxf3 49. gxf3 1/2-1/2

[Event "GBR-ch75"]
[Site "Blackpool"]
[Date "1988.08.06"]
[Round "6.6"]
[White "Kosten, Anthony C"]
[Black "Adams, Michael"]
[Result "0-1"]
[WhiteElo "2510"]
[BlackElo "2460"]
[PlyCount "80"]
[EventDate "1988.08.01"]
[EventType "swiss"]
[EventRounds "11"]
[EventCountry "GBR"]
[SourceTitle "BritBase12Sep20"]
[Source "John Saunders"]
[SourceDate "2020.09.12"]
[SourceVersion "1"]
[SourceVersionDate "2020.09.12"]
[SourceQuality "1"]

1. e4 c6 2. d4 d5 3. exd5 cxd5 4. c4 Nf6 5. Nc3 e6 6. Nf3 Bb4 7. cxd5 exd5 8.
Ne5 O-O 9. Bd3 Nc6 10. Nxc6 bxc6 11. O-O Bg4 12. Qc2 Bh5 13. Ne2 Qb6 14. Nf4
Bg6 15. Nxg6 hxg6 16. Be3 Ng4 17. Qe2 Nxe3 18. fxe3 Bd6 19. Rf3 c5 20. Qf2 c4
21. Bf1 Be7 22. g4 Rab8 23. b3 Qe6 24. bxc4 dxc4 25. Rc1 Rbc8 26. h3 c3 27. Bd3
Bg5 28. Bc2 Qxa2 29. h4 Be7 30. h5 Qe6 31. Qg2 Bg5 32. Re1 a5 33. hxg6 fxg6 34.
Be4 Rxf3 35. Qxf3 Rf8 36. Qg2 Kh7 37. Bd5 Qe7 38. Be4 Bh6 39. Qc2 Qh4 40. Bxg6+
Kh8 0-1

[Event "GBR-ch75"]
[Site "Blackpool"]
[Date "1988.08.06"]
[Round "6.7"]
[White "Norwood, David"]
[Black "Arkell, Keith C"]
[Result "1/2-1/2"]
[WhiteElo "2470"]
[BlackElo "2430"]
[PlyCount "54"]
[EventDate "1988.08.01"]
[EventType "swiss"]
[EventRounds "11"]
[EventCountry "GBR"]
[SourceTitle "BritBase12Sep20"]
[Source "John Saunders"]
[SourceDate "2020.09.12"]
[SourceVersion "1"]
[SourceVersionDate "2020.09.12"]
[SourceQuality "1"]

1. d4 Nf6 2. Nf3 e6 3. g3 b5 4. Bg2 Bb7 5. O-O c5 6. c3 Be7 7. Bg5 cxd4 8. cxd4
h6 9. Bxf6 Bxf6 10. Qd3 a6 11. e4 d6 12. Nbd2 Nd7 13. Rad1 Qb6 14. e5 dxe5 15.
dxe5 Nxe5 16. Nxe5 Bxe5 17. Nf3 Bxf3 18. Qd7+ Kf8 19. Bxf3 Re8 20. Rfe1 Qc7 21.
Qxc7 Bxc7 22. Rd7 Re7 23. Red1 g6 24. Bb7 a5 25. Bc6 Rxd7 26. Rxd7 Be5 27. b3
b4 1/2-1/2

[Event "GBR-ch75"]
[Site "Blackpool"]
[Date "1988.08.06"]
[Round "6.8"]
[White "Pigott, John C"]
[Black "Wells, Peter K"]
[Result "1/2-1/2"]
[WhiteElo "2365"]
[BlackElo "2410"]
[PlyCount "36"]
[EventDate "1988.08.01"]
[EventType "swiss"]
[EventRounds "11"]
[EventCountry "GBR"]
[SourceTitle "BritBase12Sep20"]
[Source "John Saunders"]
[SourceDate "2020.09.12"]
[SourceVersion "1"]
[SourceVersionDate "2020.09.12"]
[SourceQuality "1"]

1. d4 Nf6 2. c4 e6 3. Nc3 Bb4 4. Qc2 c5 5. dxc5 O-O 6. a3 Bxc5 7. Nf3 Nc6 8.
Bg5 b6 9. e3 Bb7 10. Be2 Be7 11. O-O Rc8 12. Rfd1 d6 13. Rac1 Rc7 14. h3 Rd7
15. b4 Qa8 16. Rd2 Rc8 17. Rcd1 Qb8 18. Qb3 Rdd8 1/2-1/2

[Event "GBR-ch75"]
[Site "Blackpool"]
[Date "1988.08.06"]
[Round "6.10"]
[White "Conquest, Stuart"]
[Black "Coleman, David J"]
[Result "1-0"]
[WhiteElo "2490"]
[BlackElo "2240"]
[PlyCount "73"]
[EventDate "1988.08.01"]
[EventType "swiss"]
[EventRounds "11"]
[EventCountry "GBR"]
[SourceTitle "BritBase12Sep20"]
[Source "John Saunders"]
[SourceDate "2020.09.12"]
[SourceVersion "1"]
[SourceVersionDate "2020.09.12"]
[SourceQuality "1"]

1. c4 g6 2. e4 Bg7 3. d4 d6 4. Nc3 Nf6 5. Bg5 h6 6. Bh4 c6 7. Nf3 Qa5 8. Qd2
Nbd7 9. Be2 e5 10. O-O g5 11. Bg3 Nh5 12. dxe5 dxe5 13. a3 Nf4 14. b4 Qd8 15.
c5 h5 16. Rad1 Bf6 17. Bxf4 gxf4 18. Qb2 Qe7 19. Rd6 Qf8 20. b5 Qg7 21. bxc6
bxc6 22. Rxc6 Rg8 23. Ne1 Rb8 24. Qd2 h4 25. Bb5 Kf8 26. Rxc8+ Rxc8 27. Bxd7 f3
28. g3 Bg5 29. Qd3 Rd8 30. c6 Ke7 31. Nd5+ Kd6 32. Nxf3 hxg3 33. hxg3 Qh6 34.
Ne3+ Kc7 35. Nf5 Qf6 36. Qa6 Rxd7 37. Qb7+ 1-0

[Event "GBR-ch75"]
[Site "Blackpool"]
[Date "1988.08.06"]
[Round "6.11"]
[White "McNab, Colin Anderson"]
[Black "Kwiatkowski, Feliks J"]
[Result "1-0"]
[WhiteElo "2410"]
[BlackElo "2240"]
[PlyCount "71"]
[EventDate "1988.08.01"]
[EventType "swiss"]
[EventRounds "11"]
[EventCountry "GBR"]
[SourceTitle "BritBase12Sep20"]
[Source "John Saunders"]
[SourceDate "2020.09.12"]
[SourceVersion "1"]
[SourceVersionDate "2020.09.12"]
[SourceQuality "1"]

1. c4 Nf6 2. Nf3 c5 3. g3 b6 4. Bg2 Bb7 5. d3 g6 6. e4 Bg7 7. O-O d6 8. Nc3 O-O
9. h3 Nc6 10. Bg5 Ne8 11. Qd2 Nc7 12. Rae1 Ne6 13. Bh6 Ned4 14. Nh4 e5 15. Nd5
Ne7 16. Bxg7 Kxg7 17. f4 Nxd5 18. exd5 f6 19. Kh2 Qd7 20. Be4 Rae8 21. f5 Bc8
22. Rf2 g5 23. Ng2 Rh8 24. h4 h6 25. Ne3 Re7 26. Rh1 Kf8 27. Kg2 Reh7 28. b4
cxb4 29. Qxb4 Qc7 30. Ng4 Kf7 31. Qd2 Bd7 32. Rff1 Qd8 33. Rh2 h5 34. Nxf6 Kxf6
35. hxg5+ Kf7 36. f6 1-0